| 000 | 01338nam0a22003371 4500 | ||
|---|---|---|---|
| 001 | RU\NLR\INFOCOMM_116\5000066238 | ||
| 005 | 20250613091408.0 | ||
| 035 | _a(NLR Aleph) 009106659 | ||
| 090 |
_a8134614 _c8134614 |
||
| 100 | _a20090131d1991 |||y0rusy50 ca | ||
| 101 | 0 | _aeng | |
| 102 | _aRU | ||
| 105 | _aa ||||000|y | ||
| 200 | 1 |
_aOn coherent state for an anharmonic oscillators _fT. I. Belova, R. V. Konoplich, A. E. Kudryavtsev |
|
| 210 |
_aМ. _cИн-т теорет. и эксперим. физики _d1991 |
||
| 215 |
_a16 с. _cграф. _d28 см |
||
| 225 | 1 |
_aInstitute of theoretical and experimental physics _v82-91 |
|
| 300 | _aВ вып. дан.: О когерентном состоянии для ангармонического осциллятора / Т. И. Белова и др. | ||
| 320 | _aБиблиогр.: с. 16 | ||
| 606 |
_aОсцилляторы ангармонические _2nlr_sh1 |
||
| 686 |
_aВ314 _2rubbk |
||
| 700 | 1 |
_aBelova _bT. I. _gTamara Ivanovna _4070 |
|
| 701 | 1 |
_9z01790 _aKonoplič _bR. V. _gRostislav Vsevolodovič _4070 |
|
| 701 | 1 |
_9z02790 _aKudrjavcev _bA. E. _4070 |
|
| 790 | 1 |
_9z01701 _aKonoplich _bR. V. _4070 |
|
| 790 | 1 |
_9z02701 _aKudryavtsev _bA. E. _4070 |
|
| 801 | 1 |
_aRU _bNLR _c20090131 |
|
| 801 | 0 |
_aRU _bNLR _gPSBO |
|
| 852 |
_aNLR _jФз01 Д-8/654 |
||
| 942 | _cBOOK | ||
| 980 | _aNB | ||